000 00341 a2200157 4500
001 147203
040 _cEscola São Tomás de Aquino
100 _aZIRALDO
240 1 0 _aO joelho Juvenal
_lpor
245 1 0 _aO joelho Juvenal
300 _a24
362 0 _a1986
440 1 _aMelhoramentos
697 _a*LITERATURA INFANTO
942 _cBK
999 _c147203
_d147203